Những huyền thoại về nhà Phật

محفوظ في:
التفاصيل البيبلوغرافية
المؤلف الرئيسي: Trần Lê Sáng
التنسيق: كتاب
اللغة:Undetermined
منشور في: Hà Nội VHTT 1994
الموضوعات:
الوسوم: إضافة وسم
لا توجد وسوم, كن أول من يضع وسما على هذه التسجيلة!
Thư viện lưu trữ: Trung tâm Học liệu Trường Đại học Cần Thơ
LEADER 00529nam a2200181Ia 4500
001 CTU_5291
008 210402s9999 xx 000 0 und d
082 |a 294.3 
082 |b S116 
100 |a Trần Lê Sáng 
245 0 |a Những huyền thoại về nhà Phật 
245 0 |c Trần Lê Sáng 
260 |a Hà Nội 
260 |b VHTT 
260 |c 1994 
650 |a buddhism,buddhist saints 
904 |i Nguyễn Quang Điền, 960712 
980 |a Trung tâm Học liệu Trường Đại học Cần Thơ